000 00703nam a2200241Ia 4500
003 OSt
005 20220918182305.0
006 a|||||r|||| 00| 0
007 ta
008 220917b |||||||| |||| 00| 0 eng d
024 _a31,743
037 _cTextual
040 _aARTS
_cARTS
_beng
041 _2eng
_aeng
082 _aO-,1:g(P), K5 (PD)
100 _aMarsh Robert
_953519
245 0 _aFour dialectical theories of poetry
_b an aspect of English neoclassical criticism
260 _aChicago
_bUniv Of Chicago Press
_c1965
300 _axii,223p.
_ccm.
650 _aENGLISH LITERATURE
942 _hO-,1:g(P), K5 (PD)
_cTEXL
_2CC
999 _c168443
_d168443